000 00838cam a22001934a 4500
001 000014634
005 20200929163858.0
008 061107q2003 cu 000 0 spa
040 _aDO-SdBNP
_bspa
_cBNPHU
245 0 0 _aPatrimonio cultural subacuatico :
_bAmerica Latina y el Caribe = Underwater cultural heritage.
246 1 0 _aUnderwater cultural heritage
260 _aLa Habana, Cuba :
_bOficina Regional de Cultura para América y el Caribe de la UNESCO,
_c2003.
300 _a140 p. :
_bil. ;
_c30 cm.
500 _aTexto a dos y tres columnas
500 _aPublicación para promover la convención de la UNESCO para protección del patrimonio cultural subacuático
504 _aBibliografía
546 _aTexts in español y inglés
710 1 _aUnesco.
_bOficina Regional de Cultura para América Latina y el Caribe.
_933159
999 _c14218
_d14218